| 000 | 00762nam a22002057a 4500 | ||
|---|---|---|---|
| 005 | 20100807105750.0 | ||
| 010 | _aENG-98780 | ||
| 020 |
_a9788190741750 _c140.00 |
||
| 035 | _aEN-82312 | ||
| 037 | _bDBAD/PUB | ||
| 082 | _a658.15 | ||
| 100 |
_aDesingu, P. _99144 |
||
| 245 |
_aManagement accounting / _cby P.Desingu _bfor B.com.,B.com (CA).,B.B.B, B.B.M., M.Com., M.B.A., Student / |
||
| 260 |
_aDharmapuri _bAkshay Publications _c2008 |
||
| 270 |
_a27,Sundaram St. _bDharmapuri _e636701 |
||
| 300 |
_a239p. _c23cm (pbk) |
||
| 650 |
_aManagerail Accounting _99145 |
||
| 942 |
_2ddc _cEN _h658.15 _mDES |
||
| 999 |
_c39971 _d39971 |
||